00556 2200217 4500001002100000005001700021008004100038035002400079082001200103090001900115100001100134245007800145260001500223300002500238650001600263850001300279980001300292985000600305986001200311999001500323YOGYA-0209000001923620090227022946.0 ind  0010-020900000019236 a621.381 a621.381bHer E aHERLAN aElectronic service tanpa gurubBuku pintar elektronik bagi pemulacHerlan aSoloc1996 a139 hlmbilusc21 cm aElektronika aYOPDYOGB a11-03-06 a1 artrevTM a96P0081579